Seminario sobre Evolución Económica en las Comunidades Autónomas : Barcelona, 5 de mayo de 1994 Barcelona, 5 de mayo de 1994
Descripción Física:
201 p. : amb gràfics ; 30 cm
MARC
| LEADER | 00000nam a2200000Ia 4500 | ||
|---|---|---|---|
| 001 | 10914 | ||
| 008 | 160829s1995 xx 000 0 cat d | ||
| 080 | |a M-1-167 | ||
| 100 | |a Seminario sobre Evolución Económica en las Comunidades Autónomas (1994 : Barcelona) |9 24379 | ||
| 245 | |a Seminario sobre Evolución Económica en las Comunidades Autónomas : |b Barcelona, 5 de mayo de 1994 | ||
| 260 | |a Barcelona : |b Generalitat de Catalunya. Institut d'Estudis Autonòmics, |c 1995 | ||
| 300 | |a 201 p. : |b amb gràfics ; |c 30 cm | ||
| 590 | |a Ponències del seminari. | ||
| 650 | |a Espanya |x Comunitats autònomes |x Condicions econòmiques |x Congressos |9 24380 | ||
| 901 | |a Arxiu | ||
| 942 | |n 1 | ||
| 952 | |0 0 |1 0 |4 0 |6 M1167 |7 1 |9 43123 |a Arxiu |b Arxiu |d 2016-12-01 |l 0 |o M-1-167 |p 10914 |r 2016-12-01 00:00:00 |w 2016-12-01 |y ARXIU | ||
| 999 | |c 45667 |d 45667 | ||